000 00442nam a22001697a 4500
003 UA-OsUOA
001 4633
007 ta
008 20050721b un ||||| |||| 00| 0 ukr d
100 _aКовальчук
700 _aЯ. В.
942 _cBK
040 _aUA-OsUOA
_cUA-OsUOA
_dUA-OsUOA
245 _aСистематизація лексичного матеріалу за семан. прин
_bBA Paper
955 _a2
650 7 _2UDC
999 _c290795
_d290795